| 000 | 00846cam a2200253 i 4500 | ||
|---|---|---|---|
| 999 |
_c216450 _d216450 |
||
| 005 | 20260318124332.0 | ||
| 008 | 170804s2018 caua b 001 0 eng d | ||
| 010 | _a 2017951429 | ||
| 020 |
_a9781526423382 _q(hardback) |
||
| 020 |
_a9781526423399 _q(paperback) |
||
| 040 |
_aLC _beng _cUNZA _eRDA |
||
| 100 | 1 |
_aDe Bryuckere, Pedro, _eauthor. |
|
| 245 | 1 | 4 |
_aThe ingredients for great teaching / _cPedro de Bruyckere ; foreword by Daniel T. Willingham. |
| 260 |
_aLos Angels : _bSAGE, _c2018. |
||
| 300 |
_axviii, 156 pages : _billustrations ; |
||
| 336 | _atext | ||
| 337 | _aunmediated | ||
| 338 | _avolume | ||
| 504 | _aIncludes bibliographical references (pages 139-152) and index. | ||
| 650 | 0 | _aTeaching. | |
| 650 | 7 |
_aTeaching. _2fast _0(OCoLC)fst01144565 |
|
| 700 | 1 |
_aWillingham, Daniel T., _ewriter of preface. |
|
| 942 | _cBOOK | ||